[Event "Wide Open"]
[Site "?"]
[Date "1972.11.25"]
[Round "2"]
[White "Polich, D."]
[Black "Bailey, B."]
[Result "0-1"]
[WhiteElo "1741"]
[BlackElo "2038"]
[Annotator "Stockfish 14 (15s)"]
[PlyCount "60"]
[EventDate "1972.??.??"]

{C54: Giuoco Piano: 4 c3 Nf6, main lines with 5 d4 and 5 d3} 1. e4 e5 2. Nf3
Nc6 3. Bc4 Bc5 4. d3 Nf6 5. c3 d5 6. exd5 Nxd5 7. Qb3 Nf4 8. Bxf7+ Kf8 9. Bxf4
exf4 10. Bc4 (10. O-O Qf6 11. Bd5 Ne7 12. Nbd2 Qf5 13. Be4 Qh5 14. Rfe1 Rb8 15.
d4 Bd6 16. Bd3 Nc6 17. Ne4 Bf5 18. Neg5 Bxd3 19. Ne6+ Kg8 20. Nxf4+ Qf7 21.
Nxd3 Qxb3 22. axb3 a6 23. Nfe5 Ne7 24. Nc4 Nf5 {
Garbarino,R (2325)-Massenzana,H Buenos Aires 1985 1-0 (41)}) 10... Qe7+ 11. Kf1
Bxf2 $4 $146 (11... Bg4 12. Nbd2 Na5 13. Qa4 Nxc4 14. Qxc4 Bd6 15. Re1 Qf7 16.
Nd4 Re8 17. Qxf7+ Kxf7 18. f3 Bd7 19. Kf2 a5 20. Nc4 b6 21. Nxd6+ cxd6 22. g3
fxg3+ 23. hxg3 Kg6 24. Re4 d5 25. Reh4 h6 26. Rh5 {
Orozco Lopez,L-Arreguin Hernandez,Y Bogota 2004 1-0 (60)}) (11... Na5 12. Qa4
Nxc4 13. Qxc4 Bd6 $18) 12. Kxf2 Qe3+ 13. Kf1 Qc1+ 14. Ne1 f3 (14... Bf5 15. Na3
Qxa1 16. Qxb7 $18) 15. Qc2 fxg2+ 16. Qxg2 Qh6 17. Qf3+ Ke7 18. Qf7+ Kd8 19.
Qd5+ (19. Nf3 $142 b5 20. Bb3 g5 21. Qd5+ Bd7 $18) 19... Bd7 20. Qf3 (20. Rg1
$142 Kc8 21. Nf3 $18) 20... Ne5 $19 21. Qg3 (21. Qf2 Ng4 22. Qg3 Rf8+ 23. Kg1
$19) 21... Rf8+ 22. Kg1 Bh3 23. Nd2 (23. d4 Nxc4 24. Nd2 Nxd2 25. Qxh3 Qxh3 26.
Ng2 Qf5 27. h4 Qf2+ 28. Kh2 Rf4 29. Kh3 Ne4 30. a3 Qg3#) 23... Rf5 (23... Qxd2
24. Qh4+ Rf6 25. Qd4+ Nd7 26. Qxd7+ Bxd7 27. Nf3 Rxf3 28. a3 Qf2#) 24. Nef3 (
24. Be6 Rg5 25. Bxh3 Rxg3+ 26. hxg3 Qe3+ 27. Kg2 Qxd2+ 28. Kg1 Qe3+ 29. Kg2
Qd2+ 30. Kg1 Qxb2 $19) 24... Qe3+ (24... Rxf3 25. Nf1 Qb6+ 26. d4 Qxb2 27. Qg5+
Rf6 28. Qd2 Nf3+ 29. Kf2 Nxd2+ 30. Kg3 Qxc3+ 31. Bd3 Qxd3+ 32. Ne3 Qxe3+ 33.
Kh4 Rh6#) 25. Qf2 Rxf3 (25... Nxf3+ $6 26. Nxf3 Qxf3 27. Qxf3 Rxf3 28. d4 $17)
26. Qxe3 Rxe3 27. Kf2 (27. d4 Nxc4 28. Kf2 Rxc3 29. bxc3 Nxd2 30. Kg3 $19)
27... Ng4+ 28. Kg1 Re2 29. Nf3 Rg2+ (29... Ne3 $142 30. Nh4 g5 31. Re1 Rxe1+
32. Kf2 Rxh1 33. Kxe3 gxh4 34. b4 Rxh2 35. a4 $19) 30. Kf1 Ne3+ (30... Ne3+ 31.
Ke1 Nc2+ 32. Kd1 Bg4 $19) 0-1

[Event "Wide Open"]
[Site "?"]
[Date "1972.11.25"]
[Round "3"]
[White "Bailey, B."]
[Black "House, D."]
[Result "1-0"]
[WhiteElo "2038"]
[BlackElo "1343"]
[Annotator "Stockfish 14 (15s)"]
[PlyCount "69"]
[EventDate "1972.??.??"]

{B62: Sicilian: Richter-Rauzer: 6...e6: Unusual White 7th moves} 1. e4 c5 2.
Nf3 Nc6 3. d4 cxd4 4. Nxd4 Nf6 5. Nc3 d6 6. Bg5 e6 7. Be2 Be7 8. O-O O-O 9. Kh1
Bd7 (9... a6 10. f4 Qc7 11. Nf3 b5 12. a3 Bb7 13. Bd3 b4 14. Ne2 h6 15. Bh4
bxa3 16. bxa3 Na5 17. e5 dxe5 18. fxe5 Nd5 19. Qe1 Nc4 20. Ned4 Nde3 21. Bxe7
Qxe7 22. Rf2 Rfd8 23. Re2 Qc5 24. Nb3 {
Rantanen,Y (2440)-Balashov,Y (2535) Helsinki 1984 0-1 (42)}) 10. Ndb5 $146 (10.
f4 Nxd4 11. Qxd4 Bc6 12. Rad1 a6 13. Rd3 b5 14. Rg3 Kh8 15. a3 e5 16. Qe3 Nd7
17. Rh3 exf4 18. Bxf4 Ne5 19. Bxe5 dxe5 20. Rf5 Bd7 21. Bg4 f6 22. Nd5 Rc8 23.
c3 Rc4 24. Qe2 Be8 {Herzog,A (2350)-Wittmann,W (2410) Austria 1994 1-0}) (10.
Nb3 a6 11. f4 b5 12. Bf3 b4 13. Ne2 Qc7 14. Qd3 Rfd8 15. Rad1 Be8 16. Qe3 Rac8
17. c3 a5 18. Nbd4 Qb6 19. e5 dxe5 20. fxe5 Nd5 21. Bxd5 Bxg5 22. Qxg5 Rxd5 23.
Nxe6 fxe6 24. Rxd5 bxc3 {
Timmerman,G (2325)-Hoeksema,H (2405) Netherlands 1993 1-0 (36)}) 10... Ne8 11.
Bf4 {Will d6 fall?} e5 (11... Ne5 $5 $11) 12. Be3 $14 a6 13. Na3 Be6 14. Nc4
Bxc4 (14... b5 $5 15. Nb6 Rb8 $11) 15. Bxc4 $16 Rc8 (15... Bg5 16. Nd5 $16) 16.
Nd5 $18 Nf6 17. Nxf6+ (17. Nb6 Rb8 18. f3 Nd7 19. Nxd7 Qxd7 $18) 17... Bxf6 $16
18. Bd5 (18. c3 Na5 19. Bd5 Bg5 $16) 18... Nb4 (18... Bg5 19. Bxg5 Qxg5 20. Re1
$16) 19. c3 (19. Bb3 $142 $5 $16) 19... Nxd5 $14 20. Qxd5 (20. exd5 $143 h6 $15
) 20... Qc7 21. Rad1 Rfd8 22. Rd2 Rd7 23. Rfd1 Rcd8 (23... b5 24. Qd3 $14) 24.
Qb3 (24. c4 $142 $18) 24... h6 $4 (24... Rc8 $142 $16) 25. Bb6 $18 Qc6 26. Bxd8
Bxd8 27. Rd5 (27. Qd5 Qc8 $18) 27... Bb6 (27... Be7 28. a4 $18) 28. R1d2 (28.
Qc2 a5 29. Qd2 Bc5 30. Rxe5 dxe5 31. Qxd7 Qxe4 32. Qd8+ Bf8 $18) 28... Bc5 29.
Qd1 Qb6 (29... Rc7 30. b4 Ba7 31. R2d3 Bxf2 32. Qf3 $18) 30. f3 (30. g3 $142
Bxf2 31. Rxe5 Rd8 $18) 30... Kf8 (30... Be3 31. Re2 Rd8 $18) 31. b4 Be3 (31...
Bxb4 32. cxb4 Qxb4 33. Rxd6 Rxd6 34. Rxd6 $18) 32. Rxd6 Rxd6 (32... Bxd2 33.
Rxd7 (33. Rxd2 $6 Rxd2 34. Qxd2 Kg8 $16) 33... Bg5 34. Qd5 $18) 33. Rxd6 Qc7
34. Qd5 (34. Rd7 $142 Qc6 35. Rxb7 Ke8 $18) 34... g5 (34... Ke8 35. Qxe5+ Qe7
36. Rd5 Qxe5 37. Rxe5+ Kd7 38. g3 $18) 35. Rd7 (35. Rd7 Qxd7 36. Qxd7 $18) 1-0

[Event "Wide Open"]
[Site "?"]
[Date "1972.11.25"]
[Round "4"]
[White "Bjornson, D."]
[Black "Bailey, B."]
[Result "0-1"]
[WhiteElo "1756"]
[BlackElo "2038"]
[Annotator "Stockfish 14 (15s)"]
[PlyCount "94"]
[EventDate "1972.??.??"]

{C95: Closed Ruy Lopez: Breyer Variation with 10 d4} 1. e4 e5 2. Nf3 Nc6 3. Bb5
a6 4. Ba4 Nf6 5. O-O Be7 6. Re1 b5 7. Bb3 d6 8. c3 O-O 9. h3 Nb8 10. d4 Nbd7
11. Nbd2 Bb7 12. Bc2 Re8 13. b4 Bf8 (13... a5 14. bxa5 Rxa5 15. Bb2 Bf8 16.
dxe5 Nxe5 17. Nxe5 dxe5 18. a4 bxa4 19. Rxa4 Rxa4 20. Bxa4 Re6 21. Qc2 {
1/2-1/2 (21) Minic,D (2490)-Forintos,G (2500) Wijk aan Zee 1971}) (13... c6 14.
Bb2 Qc7 15. Qb1 Nf8 16. a3 Ng6 17. Qa2 Bf8 18. c4 a5 19. bxa5 Rxa5 20. Bc3 Raa8
21. cxb5 cxb5 22. Bb4 d5 23. Bxf8 Kxf8 24. exd5 Bxd5 25. Bb3 Bxb3 26. Qxb3 exd4
27. Nxd4 Rxe1+ 28. Rxe1 {Mrva,M (2315)-Palecek,P Michalovce 1989 1/2-1/2 (34)})
14. d5 c6 15. dxc6 Bxc6 16. Nf1 $146 (16. Nb3 Nb6 17. a4 Nxa4 18. Na5 Bd7 19.
Bxa4 bxa4 20. Bg5 h6 21. Bxf6 Qxf6 22. Nh2 Rec8 23. Qd2 Qg6 24. Kh1 f5 25. exf5
Qxf5 26. Ng4 Qf4 27. Ne3 Rab8 28. Rad1 Be6 29. Qb2 Qf7 30. c4 Kh8 {
Diaz,J-Kholmov,R Havana 1968 0-1 (44)}) 16... Nb6 (16... Rc8 17. a4 $17) 17.
Ng3 (17. Bg5 h6 18. Bxf6 Qxf6 $11) 17... g6 (17... h6 18. Bb3 $17) 18. Bb3 $15
Qc7 (18... a5 19. bxa5 Rxa5 20. Bg5 $15) 19. Bg5 $11 Bg7 20. Qd2 Rad8 21. Bxf6
(21. Nh2 Rd7 22. Bh6 Bh8 $11) 21... Bxf6 $15 22. Qh6 (22. h4 $5 $15) 22... Bg7
$17 23. Qh4 h6 (23... Qe7 24. Qxe7 Rxe7 25. Rad1 $17) 24. Nh2 (24. Rad1 $5 $17)
24... Qe7 25. Qxe7 Rxe7 26. Rad1 (26. h4 h5 $17) 26... Red7 27. Nf3 Kf8 (27...
h5 28. Nf1 $17) 28. Rd2 (28. h4 h5 $17) 28... Ke7 (28... h5 29. h4 $19) 29.
Red1 (29. Rc2 h5 30. Nf1 Bb7 $17) 29... d5 (29... h5 $142 $5 $19) 30. exd5 $17
Nxd5 (30... Bxd5 31. Re1 f6 $19) 31. Ne4 $2 (31. Re1 Nf4 32. Rxd7+ Rxd7 33.
Nxe5 Bxe5 34. Rxe5+ Kf6 $15) 31... Nc7 (31... f5 $142 32. Nc5 Rd6 33. Bxd5 Bxd5
$17) 32. Rxd7+ $17 Rxd7 33. Rxd7+ Bxd7 34. Nc5 Bc6 35. Nd2 $2 (35. c4 $142 $17)
35... f5 $19 {Black prepares e4} 36. c4 (36. a4 e4 37. Nb1 Bd5 38. Bxd5 Nxd5
$19) 36... e4 37. cxb5 axb5 38. a3 (38. Nf1 Nd5 39. a3 Kd6 $19) 38... Bb2 39.
Nb1 Nd5 40. Bxd5 (40. h4 $19) 40... Bxd5 41. a4 Ba2 42. a5 (42. Nd2 Bc3 43.
Ndxe4 fxe4 44. Nxe4 Bxb4 45. axb5 Ba5 $19) 42... Bd5 (42... Bxb1 $142 43. a6
Ba2 $19) 43. Kf1 Kd6 44. Ke2 (44. a6 Kc7 45. Ke2 $19) 44... Bd4 45. Na6 (45. a6
Bxc5 46. bxc5+ Kxc5 $19) 45... Bb7 46. Nb8 (46. Nc5 Bxc5 47. bxc5+ Kxc5 $19)
46... Kc7 47. a6 Bc8 0-1

[Event "Tacoma Open"]
[Site "?"]
[Date "1972.12.09"]
[Round "1"]
[White "Finnigan, J."]
[Black "Bailey, B."]
[Result "0-1"]
[WhiteElo "1697"]
[BlackElo "2048"]
[Annotator "Stockfish 14 (15s)"]
[PlyCount "98"]
[EventDate "1972.??.??"]

{E20: Nimzo-Indian: 4 g3 and 4 f3} 1. d4 Nf6 2. c4 e6 3. Nc3 Bb4 4. Bd2 O-O 5.
a3 Be7 6. Nf3 d5 (6... b6 7. g3 c5 8. Bg2 Bb7 9. d5 exd5 10. Nh4 Ne4 11. Nf5
Bf6 12. Nxd5 Bxd5 13. cxd5 Nxd2 14. Qxd2 d6 15. O-O Qd7 16. e4 Rd8 17. Bh3 Qb5
18. Rab1 g6 19. Nh6+ Kg7 20. Ng4 Be7 21. f4 {
Popovich,A-Sirotkina,A Dagomys 2004 1-0}) 7. e3 b6 $146 (7... c5 8. Rc1 b6 9.
Be2 Nc6 10. cxd5 exd5 11. O-O Re8 12. Qc2 Bf8 13. Bb5 Bd7 14. dxc5 bxc5 15. Na4
Ne5 16. Bxd7 Nxf3+ 17. gxf3 Qxd7 18. Nxc5 Qh3 19. Nd3 Qxf3 20. Qd1 Qf5 21. Bb4
Re4 22. Bxf8 {Ramsauer,M-Grabert,R (2275) Regensburg 1996 0-1 (46)}) (7... Ne4
8. Bd3 f5 9. cxd5 exd5 10. Qc2 c6 11. Ne2 Nd7 12. Nf4 Ndf6 13. h3 Bd6 14. O-O
Qc7 15. Bb4 Bxb4 16. axb4 Bd7 17. Ne5 Rfe8 18. Bxe4 fxe4 19. Qb3 a6 20. Rac1
Rac8 21. Rc2 Rxe5 22. dxe5 {Berg,G-Valamanesh,H Berlin 1998 0-1 (40)}) 8. cxd5
exd5 9. Qc2 Bb7 10. Bd3 Nbd7 (10... c5 11. O-O $11) 11. b4 (11. O-O $5 $14)
11... c5 $11 12. b5 (12. bxc5 bxc5 13. Rb1 Bc6 14. dxc5 Nxc5 $11) 12... Qc7 (
12... Bd6 13. O-O $17) 13. O-O $15 Rac8 14. Bf5 cxd4 15. exd4 Ne4 16. Rfc1 Rfe8
17. Nxe4 Qxc2 18. Nf6+ (18. Rxc2 Rxc2 19. Nd6 Bxd6 20. Bxc2 Nf6 $11) 18... Nxf6
19. Bxc2 Bd6 20. a4 Ne4 21. Be3 Re7 22. Bb3 Nc3 23. Kf1 a5 (23... a6 24. Bd2
Rec7 25. Bxc3 Rxc3 26. Rxc3 Rxc3 27. Re1 $11) 24. Bd2 Rec7 25. Rc2 $4 (25. Be3
f6 $11) 25... f6 $4 (25... Nxb5 $142 26. Rxc7 Nxc7 $17) 26. Rac1 $11 Ba3 (26...
Nb1 27. Be1 Rxc2 28. Rxc2 Rxc2 29. Bxc2 $11) 27. Ra1 Bb4 28. Rac1 Kf8 $2 (28...
g5 $142 $11) 29. Ng1 $4 (29. Bf4 $142 Re7 30. h4 $18) 29... Ba3 $19 30. Ra1 Bd6
(30... Nb1 31. Rxb1 Rxc2 32. Bxc2 Rxc2 33. Ke1 $19) 31. Nf3 $2 (31. Rb2 h5 $11
(31... Bxh2 $2 32. Bxc3 Rxc3 33. Ne2 Rxb3 34. Rxb3 $18)) 31... Ne4 $4 (31...
Nxb5 $142 32. Rxc7 Nxc7 $19) 32. Rac1 $11 Nxd2+ 33. Nxd2 Rxc2 (33... Bxh2 $4
34. g3 Rxc2 35. Rxc2 $18 (35. Bxc2 $6 Rc3 $14)) 34. Rxc2 Rxc2 (34... Bxh2 $4
35. g3 Ke7 36. Kg2 Bxg3 37. Kxg3 $18) 35. Bxc2 g6 (35... Bxh2 $4 36. g3 Bxg3
37. fxg3 $18) 36. g4 $4 (36. Bb3 $142 $11) 36... Bxh2 $19 37. Kg2 Bc7 (37...
Bd6 $142 38. Nf1 Bb4 $19) 38. Nf3 $4 (38. Kf3 $5 Bd6 $17) 38... Ke7 (38... Bc8
$142 39. g5 Kf7 $19) 39. Nh4 (39. Ne1 Bf4 40. Kf3 $19) 39... Bd6 $4 (39... f5
40. gxf5 g5 41. Nf3 $19) 40. Kf3 $2 (40. f4 $5 $17) 40... Bb4 (40... Ba3 $142
41. Ng2 Bb2 $19) 41. Ke3 $4 (41. Ng2 $142 $17) 41... Bc8 $19 42. f3 (42. Bd1 f5
43. g5 f4+ 44. Kxf4 Bd2+ 45. Ke5 Bxg5 46. Nf3 Bf6+ 47. Kxd5 Bb7+ 48. Kc4 $19)
42... Be1 (42... f5 $142 43. Bd1 Ba3 $19) 43. Nxg6+ $4 (43. Ng2 $142 Bg3 44.
Ke2 $17) 43... hxg6 $19 44. Bxg6 f5 $1 45. gxf5 (45. gxf5 Kf6 {Combination}) (
45. Bxf5 Bxf5 46. gxf5 Bc3 {Combination}) 45... Kf6 46. f4 Bxf5 47. Bxf5 (47.
Bh5 Bc2 48. Bf3 $19) 47... Kxf5 48. Kd3 (48. Ke2 Bg3 49. Ke3 Bxf4+ 50. Kf3 Bc1
51. Ke2 Ke4 52. Kd1 Be3 53. Ke2 Bxd4 54. Kd1 Be3 55. Ke2 d4 56. Kd1 d3 57. Ke1
Kf3 58. Kd1 d2 59. Kc2 Ke2 60. Kb1 d1=Q+ 61. Kb2 Qxa4 62. Kb1 Qb3+ 63. Ka1 Bd4#
) 48... Kxf4 49. Ke2 Ke4 (49... Bg3 50. Kd2 Kf3 51. Kd1 Ke3 52. Kc1 Ke2 53. Kc2
Be1 54. Kb1 Kd2 55. Ka1 Kc2 56. Ka2 Bf2 57. Ka1 Bxd4+ 58. Ka2 Bf6 59. Ka3 d4
60. Ka2 d3 61. Ka3 d2 62. Ka2 d1=Q 63. Ka3 Qa1#) 0-1

[Event "Tacoma Open"]
[Site "?"]
[Date "1972.12.09"]
[Round "2"]
[White "Bailey, B."]
[Black "Lowrie, W."]
[Result "1-0"]
[WhiteElo "2048"]
[BlackElo "1803"]
[Annotator "Stockfish 14 (15s)"]
[PlyCount "33"]
[EventDate "1972.??.??"]

{B90: Sicilian Najdorf: Unusual White 6th moves, 6 Be3 Ng4 and 6 Be3 e5} 1. e4
c5 2. Nf3 d6 3. d4 cxd4 4. Nxd4 Nf6 5. Nc3 a6 6. Be3 e5 7. Nf3 Be6 8. Ng5 Be7
9. Nxe6 fxe6 10. Bc4 Qd7 (10... Qc8 11. Bb3 b5 12. g4 b4 13. Na4 Nxe4 14. Nb6
Qb7 15. Bxe6 Nc3 16. bxc3 Qxh1+ 17. Ke2 Qxd1+ 18. Rxd1 Ra7 19. cxb4 Rc7 20. c4
Nc6 21. Nd5 Rb7 22. Bc8 Rxb4 23. Nxb4 Nxb4 24. Be6 Nc2 25. Rb1 {
Yegiazarian,A (2531)-Kalashian,D (2319) Yerevan 2006 1-0 (65)}) 11. Qf3 b5 $146
(11... Bd8 12. Qh3 Kf7 13. O-O Nc6 14. f4 b5 15. Bb3 exf4 16. Bxf4 Bb6+ 17. Kh1
Bd4 18. Ne2 Rae8 19. Nxd4 Nxd4 20. Rad1 Nxb3 21. e5 Ne4 22. axb3 d5 23. c4 bxc4
24. bxc4 Qa4 25. b3 Qa2 26. Qf3 {
Cicak,S (2310)-Ostergaard,D (2285) Sweden 1992 1-0 (32)}) (11... Nc6 12. Qh3
Nd8 (12... Kf7 13. O-O Na5 14. Bd3 Rhf8 15. f4 exf4 16. Rxf4 Ke8 17. Rxf6 Bxf6
18. Qh5+ g6 19. Qxa5 Rc8 20. Rf1 Rf7 21. Nd1 Be5 22. Rxf7 Kxf7 23. Qd2 Kg8 24.
b3 Qd8 25. Bc4 Qf6 26. Nf2 b5 27. Ng4 {
Langreck,J (2314)-Bent,S (2017) Lexington 1997 1-0 (34)}) 13. Bb3 Rc8 14. Na4
Qb5 15. Nb6 Qa5+ 16. c3 Rxc3 17. bxc3 Qxc3+ 18. Ke2 Qb2+ 19. Bd2 Nxe4 20. Nc4
Qd4 21. Qe3 Qd5 22. Nxd6+ Qxd6 23. Qxe4 Nc6 24. Be3 {
1-0 (24) Spoelman,W (2461)-Kelemen,F (2086) Herceg Novi 2006}) 12. Bb3 O-O $4 (
12... Nc6 $142 13. Qh3 Kf7 $18) 13. Qh3 d5 (13... Kh8 14. Bxe6 Qe8 $18) 14.
exd5 b4 (14... a5 15. d6 Qxd6 16. Rd1 $18) 15. Na4 (15. d6 $5 Qxd6 16. Rd1 Kh8
17. Rxd6 Bxd6 18. Qxe6 bxc3 19. Qxd6 Nbd7 20. bxc3 Rfd8 $18) 15... Nxd5 (15...
exd5 16. Nb6 Qxh3 17. gxh3 $18) 16. Nb6 Qc6 (16... Nxb6 17. Bxe6+ Kh8 18. Bxd7
N6xd7 19. Qe6 $18) 17. Nxa8 (17. Nxa8 Kh8 18. O-O $18) 1-0

[Event "Tacoma Open"]
[Site "?"]
[Date "1972.12.09"]
[Round "3"]
[White "Hvostik, W."]
[Black "Bailey, B."]
[Result "1/2-1/2"]
[WhiteElo "1959"]
[BlackElo "2048"]
[Annotator "Stockfish 14 (15s)"]
[PlyCount "65"]
[EventDate "1972.??.??"]

{D26: Queen's Gambit Accepted: 4 e3 e6 5 Bxc5 c5 sidelines} 1. d4 d5 2. c4 dxc4
3. Nf3 Nf6 4. Nc3 a6 5. e3 e6 6. Bxc4 b5 7. Be2 Bb7 8. a3 c5 9. dxc5 Qxd1+ 10.
Bxd1 Bxc5 11. b4 Be7 12. Bb2 Nbd7 13. Nd2 $146 (13. Rc1 O-O 14. O-O Rac8 15.
Be2 Nb6 16. Nd2 Rfd8 17. Rfd1 Rd7 18. Bf3 Bxf3 19. Nxf3 Rdc7 20. Ne2 Nc4 21.
Rc2 Nd5 22. Ned4 Bf6 23. h3 Kf8 24. Nd2 Nxb2 25. Rxb2 Bxd4 26. exd4 Rc1 27. Rb1
Rxd1+ {Chuliver,R-Garcia,H Zarate 1972 0-1 (46)}) (13. O-O O-O $11) 13... Nb6 (
13... Bxg2 14. Rg1 Bc6 15. Rxg7 $17) 14. e4 (14. Bf3 $5 Bxf3 15. gxf3 $15)
14... O-O 15. Ke2 (15. f3 Nfd7 $17) 15... Rac8 (15... Rfd8 $142 $5 $17) 16. Bb3
Rc7 (16... a5 $5 17. bxa5 Na4 18. Bxa4 bxa4 $17) 17. f3 $11 Rfc8 18. Na2 Nfd7
19. Rac1 Nc4 20. Bxc4 (20. Nxc4 bxc4 21. Ba4 Nb6 $11) 20... bxc4 $15 21. Nb1 (
21. Bd4 $5 $15) 21... f5 22. e5 $4 (22. exf5 $142 exf5 23. Rhe1 $17) 22... Bg5
(22... c3 $5 23. Rxc3 Bc6 24. Kf2 Nxe5 25. Re1 Bh4+ 26. g3 $19) 23. Rcd1 Bf4
24. Rd6 (24. g3 c3 25. Nbxc3 Bxe5 $19) 24... Kf7 25. g3 (25. Rd4 c3 26. Naxc3
Bxe5 27. Rd2 $19) 25... Bxe5 (25... c3 $142 26. Naxc3 Bxe5 $19) 26. Rxd7+ $11
Rxd7 27. Bxe5 Rd3 28. Rf1 Rcd8 (28... g5 $5 $14) 29. Nac3 $16 g5 (29... Bc6
$142 30. f4 Kg6 $16) 30. a4 $4 {White intends b5} (30. Na4 $142 Rb3 31. Nc5
Bxf3+ 32. Kf2 $18) 30... R8d7 31. b5 axb5 32. axb5 Rd8 (32... h5 33. Rf2 h4 34.
Na3 hxg3 35. hxg3 $11) 33. Bc7 1/2-1/2

[Event "Tacoma Open"]
[Site "?"]
[Date "1972.12.10"]
[Round "4"]
[White "Bailey, B."]
[Black "Thomas, S."]
[Result "1-0"]
[WhiteElo "2048"]
[BlackElo "1840"]
[Annotator "Stockfish 14 (15s)"]
[PlyCount "61"]
[EventDate "1972.??.??"]

{B92: Sicilian Najdorf: 6 Be2} 1. e4 c5 2. Nf3 d6 3. d4 cxd4 4. Nxd4 Nf6 5. Nc3
a6 6. Be2 e5 7. Nb3 Be6 8. Bg5 Be7 9. O-O O-O 10. Bxf6 Bxf6 11. Bg4 $146 (11.
Nd5 Nd7 (11... Bxd5 12. Qxd5 Nc6 13. c3 Qc7 14. Rfd1 Rfd8 15. a4 Rac8 16. Bg4
Rb8 17. Be2 Rbc8 18. Bg4 Rb8 19. Be2 Ne7 20. Qc4 Qd7 21. h3 Ng6 22. Bg4 Qc6 23.
Na5 Qb6 24. Qb4 Qxb4 25. cxb4 Nf4 26. g3 {
Haapaniemi,A-Pukkila,M (2200) Finland 2005 1/2-1/2 (59)}) 12. Qd3 Rc8 13. c3
Bg5 14. Rad1 Kh8 15. Bf3 g6 16. Ne3 Rc6 17. Rfe1 Nf6 18. Qe2 b5 19. Ra1 Qb6 20.
Nd2 a5 21. Ndf1 Rfc8 22. a3 b4 23. cxb4 axb4 24. a4 Qa7 25. Red1 Ra6 {
Averbakh,Y-Petrosian,T Tbilisi 1959 0-1 (40)}) (11. Qd3 Nc6 12. Nd5 Bg5 13.
Rad1 (13. Rfd1 Rc8 (13... Kh8 14. c3 f5 15. Bf3 Bxd5 16. Qxd5 fxe4 17. Qxe4 Qe7
18. Qd5 Rf6 19. Nd2 Bxd2 20. Rxd2 Qc7 21. Re1 Raf8 22. Re3 g6 23. Be4 Kg7 24.
Rf3 Rxf3 25. Bxf3 Rf6 26. Be4 Qf7 27. Qb3 Qxb3 28. axb3 {
Tal,M-Najdorf,M Bled 1961 1-0 (49)}) 14. c3 g6 15. Nd2 Kh8 16. Ne3 Rc7 17. Nf3
Rd7 18. Nxg5 Qxg5 19. Qc2 f5 20. Bc4 f4 21. Bxe6 fxe3 22. Bxd7 exf2+ 23. Qxf2
Rxf2 24. Kxf2 Na5 25. b3 Qd8 26. Bh3 Qh4+ 27. Kg1 Qxe4 {
Schmid,L-Tal,M Oberhausen 1961 1/2-1/2 (33)}) 13... Rc8 14. c3 Ne7 15. Ne3 Bxe3
16. Qxe3 {1/2-1/2 (16) Tal,M (2705)-Huebner,R (2600) Tilburg 1980}) 11... Nc6
12. Nd5 Be7 (12... Bg5 $11) 13. f4 (13. a4 $5 $14) 13... exf4 (13... Bxd5 14.
exd5 Na5 15. Nd2 Qb6+ 16. Kh1 Qxb2 17. f5 $15) 14. Nxf4 $11 Bxg4 15. Qxg4 Ne5
16. Qe2 Rc8 17. Nd4 (17. Nd5 Bg5 $11) 17... Qb6 (17... Nd7 18. c3 $11) 18. c3
Nc6 $2 (18... Rce8 $142 $5 $11) 19. Nd5 $16 Qd8 20. Nf5 Bg5 $4 (20... g6 $142
21. Nfxe7+ Nxe7 22. Nf6+ Kg7 $16) 21. Qg4 $18 g6 (21... Kh8 22. Rad1 Ne5 $18)
22. Nxd6 $1 Qxd6 23. Qxg5 f5 (23... Kg7 24. Qe3 $18) 24. Rad1 fxe4 $4 (24...
Rce8 25. exf5 Re5 $18) 25. Nf6+ Rxf6 26. Qxf6 Qc5+ 27. Kh1 Ne5 (27... Qe7 28.
Qxe7 Nxe7 $18) 28. Qe6+ Kg7 29. Rd5 Re8 30. Qf6+ (30. Qxe8 Kh6 31. Rxc5 Nd7 32.
Qxd7 b6 33. Qh3+ Kg7 34. Rc7+ Kh8 35. Qxh7#) 30... Kg8 (30... Kh6 31. Rxc5 Nd7
32. Qf4+ Kg7 33. Rc7 e3 34. Rxd7+ Kg8 35. Qf7+ Kh8 36. Qxe8#) 31. Rxc5 (31.
Rxc5 Nd7 32. Qf7+ Kh8 33. Qxd7 g5 34. Qxe8+ Kg7 35. Rxg5+ Kh6 36. Qh5#) 1-0

[Event "Tacoma Open"]
[Site "?"]
[Date "1972.12.10"]
[Round "5"]
[White "Cook, G."]
[Black "Bailey, B."]
[Result "1/2-1/2"]
[WhiteElo "1780"]
[BlackElo "2048"]
[Annotator "Stockfish 14 (15s)"]
[PlyCount "44"]
[EventDate "1972.??.??"]

{E17: Queen's Indian: 4 g3 Bb7 5 Bg2 Be7} 1. d4 Nf6 2. Nf3 e6 3. c4 b6 4. g3
Bb7 5. Bg2 Be7 6. O-O O-O 7. Nbd2 Ne4 (7... c5 8. b3 cxd4 9. Bb2 Qc7 10. Bxd4
d6 11. Rc1 Nbd7 12. Qc2 Rac8 13. Rfd1 Qb8 14. Bb2 Rc7 15. Qb1 Qa8 16. Ne1 Rfc8
17. Bxb7 Qxb7 18. Nef3 a6 19. Ng5 h6 20. Nge4 Ne8 21. Qd3 b5 22. cxb5 {
Sapi,L (2420)-Tompa,J (2410) Budapest 1977 1/2-1/2 (55)}) 8. Qc2 $146 (8. Ne5
f5 9. Nxe4 Bxe4 10. Bxe4 fxe4 11. d5 d6 12. Ng4 Qe8 13. dxe6 Qg6 14. Ne3 c6 15.
b3 Qxe6 16. Bb2 Nd7 17. Qc2 Bf6 18. Rad1 Bxb2 19. Qxb2 Rf6 20. Rd4 Raf8 21. Qc2
Qf7 22. Rxe4 Rxf2 {Zinn,L-Neukirch,D Gera 1962 1/2-1/2 (46)}) 8... f5 9. Ne5 d5
10. b3 (10. cxd5 $5 exd5 11. Nxe4 dxe4 12. Bf4 $16) 10... Nd7 11. Bb2 (11. Nd3
$5 $14) 11... Nxe5 $11 12. dxe5 c5 13. Rad1 Qc7 (13... Qc8 14. cxd5 exd5 15. e3
$11) 14. e3 (14. cxd5 $142 exd5 15. g4 $16) 14... Ng5 $4 (14... dxc4 $142 15.
Nxe4 Bxe4 16. Qxc4 Qc6 $11) 15. f4 $18 Ne4 16. Nxe4 $4 (16. cxd5 $142 Bxd5 17.
Nxe4 (17. Bxe4 $6 fxe4 18. Nxe4 Rad8 $11) 17... Bxe4 18. Bxe4 fxe4 19. Qxe4 $18
) 16... dxe4 $11 17. Rd2 Rad8 18. Rfd1 Rxd2 19. Rxd2 Rd8 20. Qd1 Rxd2 21. Qxd2
Bc6 22. Bf1 Be8 1/2-1/2

[Event "Tacoma Open"]
[Site "?"]
[Date "1972.12.10"]
[Round "6"]
[White "Bailey, B."]
[Black "Salmon, N."]
[Result "1-0"]
[WhiteElo "2048"]
[BlackElo "2017"]
[Annotator "Stockfish 14 (15s)"]
[PlyCount "63"]
[EventDate "1972.??.??"]

{C92: Closed Ruy Lopez: 9...Be6, Karpov and Flohr-Zaitsev Variations} 1. e4 e5
2. Nf3 Nc6 3. Bb5 a6 4. Ba4 Nf6 5. O-O Be7 6. Re1 b5 7. Bb3 d6 8. c3 O-O 9. h3
Na5 10. Bc2 c5 11. d4 exd4 12. cxd4 Bb7 13. b3 (13. Bg5 Re8 14. Nbd2 h6 15. Bf4
cxd4 16. Nxd4 Bf8 17. Nf5 Rc8 18. Rc1 Qd7 19. Bb1 Rxc1 20. Qxc1 Nc6 21. Qc3 Nd5
22. Qg3 Nxf4 23. Qxf4 Ne5 24. Qg3 Kh8 25. f4 Nc4 26. Nxc4 bxc4 27. Qc3 Kg8 {
Chiburdanidze,M (2470)-Huebner,R (2595) Cologne 1990 1/2-1/2 (64)}) 13... Rc8
$4 $146 (13... Nc6 14. Nc3 cxd4 15. Nxd4 Rc8 16. Bb2 Re8 17. Nf5 Bf8 18. Qd2
Nb4 19. Bb1 Nc6 20. Qg5 Ne5 21. Nh6+ Kh8 22. Qxe5 dxe5 23. Nxf7+ Kg8 24. Nxd8
Rcxd8 25. Nd5 Nxe4 26. Nc7 Re7 27. Nxa6 Nd2 28. Nc5 {
Vlcek,S (2267)-Chovanec,M (2169) Slovakia 2005 1/2-1/2 (57)}) (13... d5 14. e5
Ne4 15. Bb2 $11) 14. Nbd2 $4 (14. d5 Nd7 15. Nbd2 Bf6 $18) 14... Re8 $4 (14...
cxd4 15. Nxd4 Re8 16. Bb2 $11) 15. Nf1 $4 (15. d5 Nd7 $18) 15... Nd7 $4 (15...
d5 16. e5 Ne4 17. Ng3 cxd4 18. Nxd4 (18. Bxe4 $143 dxe4 19. Nxd4 Bb4 $17) 18...
Nxg3 19. fxg3 $11) 16. Bf4 $4 {White plans e5} (16. d5 Bf6 17. Rb1 Rb8 $18)
16... Nf8 $4 (16... Nc6 17. d5 Nb4 18. a4 $11) 17. Rc1 $4 (17. d5 Ng6 18. Bd2
Rb8 $18) 17... g6 $4 (17... Ne6 18. Be3 Nxd4 19. Nxd4 cxd4 20. Bxd4 $14) 18.
N1h2 (18. d5 $142 Nd7 $18) 18... c4 $4 (18... Ne6 $142 19. Bh6 cxd4 20. Nxd4
Bg5 21. Nxe6 Rxe6 22. Bxg5 Qxg5 $14) 19. e5 (19. d5 $142 cxb3 20. axb3 $18)
19... cxb3 (19... dxe5 20. Bxe5 h5 21. Qd2 $17) 20. axb3 $15 dxe5 21. Nxe5 Ne6
22. Be3 Bb4 (22... f5 $142 23. Nhf3 Nc6 24. Nxc6 Bxc6 $15) 23. Rf1 $4 (23. Nhg4
Bxe1 24. Qxe1 $11) 23... Bc3 $4 (23... h5 $142 $19) 24. Nhg4 $16 Bxd4 25. Bxd4
$4 (25. Nh6+ Kf8 26. Nexf7 $16 (26. Nhxf7 $143 Qd5 27. Qg4 Bxe5 $15)) 25...
Nxd4 $19 (25... Qxd4 $2 26. Nf6+ Kg7 27. Nxe8+ Rxe8 28. Re1 $18) 26. Nd7 (26.
Kh1 Nxc2 (26... Rxc2 $6 27. Rxc2 Nxc2 28. Qxc2 $11) 27. Nd7 Re7 28. Ngf6+ Kg7
29. Rxc2 Rxd7 30. Nxd7 Rxc2 31. Qxc2 Qxd7 $19) 26... Ne2+ 27. Kh1 Nxc1 (27...
Rc3 $142 28. f3 Nxb3 29. Ndf6+ Kf8 30. Nxe8 Qxe8 $19) 28. Qd4 $18 Bxg2+ (28...
Re5 29. Qxe5 Qh4 $18) 29. Kxg2 f6 30. Ndxf6+ Kh8 (30... Kf7 31. Nh6+ Kg7 32.
Nxe8+ Kxh6 33. Qg7+ Kg5 34. f4+ Kh5 35. Qxh7#) 31. Nd7+ Kg8 (31... Re5 32.
Qxe5+ Qf6 33. Qxf6+ Kg8 34. Nh6#) 32. Nh6# 1-0